« Retourner aux résultats de recherche
Bijoux
cristal, ruban, laine
| Auteur principal: | Florence Le Maux |
|---|---|
| D'autres auteurs: | Claire Curt |
| Support: | Livres |
| Langue: | Francais |
| Genre: |
Documentaire |
| Sujets: | |
| Étiquettes: |
Ajouter
Pas de Tags !
|
| LEADER | 00768nam0a2200193 450 | ||
|---|---|---|---|
| 001 | 16848405 | ||
| 010 | |a 2-8307-0931-4 |b Spir. |d 13,9 | ||
| 100 | |a 20070221d2007 u u0frey01 ba | ||
| 101 | 0 | |a fre | |
| 102 | |a CH | ||
| 200 | 0 | |a Bijoux |e cristal, ruban, laine |f Florence Le Maux |g Photographies Claire Curt | |
| 207 | 1 | |a | |
| 215 | |a 80 p. |c ill. en coul. |d 27 x 21 cm | ||
| 330 | |a Des modèles pour réaliser des bijoux alliant différentes matières : laine, fil de fer, perles de rocaille, cristal, ruban, lin, bois, porcelaine, etc. | ||
| 700 | 0 | |a Le Maux |b Florence |4 70 | |
| 702 | 0 | |a Curt |b Claire |4 600 | |
| 900 | |a Documentaire | ||
| 901 | |a Accessible au prêt | ||
| 995 | |a Bibliothèque |c Bibliothèque |f 00156004847158 |h 00156004847158 |k 745.5 LEM |o p |q a |r az |e Bibliothèque | ||
